| 000 | 00996nam a2200289 i 4500 | ||
|---|---|---|---|
| 001 | bg | ||
| 100 | 1 | _aSENGE, Peter M. | |
| 245 | 1 | 0 |
_aPiąta dyscyplina : _bteoria i praktyka organizacji uczących się / _cPeter M. Senge ; przeł. [z ang.] Helena Korolewska-Mróz. |
| 246 |
_iTyt. oryg.: _aThe fifth discipline : the art and practice of the learning organization |
||
| 260 |
_aWarszawa : _b"ABC", _c1998. |
||
| 300 |
_a389 s. : _brys., wykr. ; _c24 cm. |
||
| 490 | 1 | _aStrategie Sukcesu | |
| 500 | _aOryg. : "The fifth discipline : the art and practice of the learning organization" 1990. | ||
| 504 | _aIndeks. | ||
| 650 | 9 | _aTeoria systemów | |
| 650 | 9 |
_aZarządzanie _xmetody |
|
| 650 | 9 |
_aZarządzanie _xpsychologia |
|
| 655 | _aPodręczniki | ||
| 830 | _aStrategie Sukcesu | ||
| 020 | _a8387286524 | ||
| 040 | _cBPK | ||
| 041 | 1 |
_apol _heng |
|
| 080 | _a658.1/.5.012/.013:330.46](07) | ||
| 920 | _a83-87286-52-4 | ||
| 942 | _cKS | ||
| 008 | s pl f |000 0 pol | ||
| 999 |
_c33674 _d33674 |
||
| 856 |
_uhttp://koha.tu.koszalin.pl/cgi-bin/koha/opac-detail.pl?biblionumber=33674 _yKatalog online BPK |
||